| 000 | 00847nam a22002535i 4500 | ||
|---|---|---|---|
| 001 | 13001 | ||
| 003 | ES-MaACL | ||
| 005 | 20230906150450.0 | ||
| 007 | t| | ||
| 008 | 930121s1992 sp ||||0| spa | ||
| 020 | _a84-7492-607-6 | ||
| 080 | _a869.0(673)-1"19"(082.2) | ||
| 245 | 0 | 0 |
_aPoemas a la madre África _b: (antología de la poesía angolana del siglo XX) / _c[traducción, introducción, glosario y biografía de] Xosé Lois García. |
| 260 |
_aSada, A Coruña : _bEdiciós do Castro, _c[1992] |
||
| 300 |
_a460 p., [4] p. de lám. : _bil. ; _c19 cm. |
||
| 490 | 1 | _aPoesía | |
| 500 | _aTraducido del portugués. | ||
| 504 | _aBibliografía: p. 459-460. | ||
| 650 | 1 | 4 |
_aPoesías angoleñas. _9171420 |
| 700 | 1 |
_aLois García, Xosé. _973145 |
|
| 830 | 1 |
_aPoesía _9177794 |
|
| 852 |
_aES-MaACL _jL-20344 |
||
| 999 |
_c13001 _d13001 |
||